000 00197nam a2200097Ia 4500
008 190216s9999||||xx |||||||||||||| ||und||
100 _aKanam E J
245 0 _aPuthri
260 _bNull
942 _cBK
999 _c23758
_d23758